Europäische Wirtschaft und Internationale Wirtschaftsbeziehungen (Record no. 2663)

MARC details
000 -LEADER
fixed length control field 00421nas a22001697i 4500
001 - CONTROL NUMBER
control field 2690
003 - CONTROL NUMBER IDENTIFIER
control field OSt
005 - DATE AND TIME OF LATEST TRANSACTION
control field 20180810125303.0
007 - PHYSICAL DESCRIPTION FIXED FIELD--GENERAL INFORMATION
fixed length control field tu
008 - FIXED-LENGTH DATA ELEMENTS--GENERAL INFORMATION
fixed length control field 161220b xxu||||| |||| 00| 0 d
024 7# - OTHER STANDARD IDENTIFIER
Standard number or code 2689
Source of number or code RID
040 ## - CATALOGING SOURCE
Transcribing agency OSt
110 2# - MAIN ENTRY--CORPORATE NAME
Corporate name or jurisdiction name as entry element Universität Potsdam
Relator term Ed.
245 ## - TITLE STATEMENT
Title Europäische Wirtschaft und Internationale Wirtschaftsbeziehungen
Remainder of title Diskussionsbeiträge
300 ## - PHYSICAL DESCRIPTION
Other physical details nicht kat.
942 ## - ADDED ENTRY ELEMENTS (KOHA)
Koha item type Periodical
Holdings
Withdrawn status Lost status Damaged status Not for loan Home library Current library Shelving location Date acquired Inventory number Total Checkouts Barcode Date last seen Price effective from Koha item type
        WIIW WIIW Corridor 09/13/1995 2690   302688 01/26/2017 01/26/2017 Periodical
The Vienna Instiute for International Economic Studies (wiiw)